Fatima Jinnah : (Record no. 152813)

MARC details
000 -LEADER
fixed length control field 00667nam a22001937a 4500
005 - DATE AND TIME OF LATEST TRANSACTION
control field 20180620105230.0
010 ## - LCCN (DPL NO)
LC control number ENG-123254
020 ## - INTERNATIONAL STANDARD BOOK NUMBER
International Standard Book Number 9781108440509
Terms of availability 495.00
035 ## - SYSTEM CONTROL NUMBER
System control number EN-106786
037 ## - SOURCE OF ACQUISITION
Source of stock number/acquisition DBAD/PUB
082 ## - DEWEY DECIMAL CLASSIFICATION NUMBER
Classification number 954.7035092
100 ## - MAIN ENTRY--PERSONAL NAME
Personal name Reza Pirbhai, M.
245 ## - TITLE STATEMENT
Title Fatima Jinnah :
Statement of responsibility, etc by M. Reza Pirbhai
Remainder of title mother of the nation/
260 ## - PUBLICATION, DISTRIBUTION, ETC. (IMPRINT)
Place of publication, distribution, etc New Delhi
Name of publisher, distributor, etc Cambridge University Press
Date of publication, distribution, etc 2017
270 ## - ADDRESS
Address 314 to 321, 3rd Floor, Plot No. Splendor Forum, Jasola District Centre,
City New Delhi
Postal code 110025
300 ## - PHYSICAL DESCRIPTION
Extent 279p.
Dimensions 21cm(pbk)
500 ## - GENERAL NOTE
General note it includes bibliographical references and index
942 ## - ADDED ENTRY ELEMENTS (KOHA)
Source of classification or shelving scheme Dewey Decimal Classification
Item type English Books
Call number suffix REZ
Classification part 954.7035092
Holdings
Withdrawn status Lost status Not for loan Collection code Home library Current library Date acquired Source of acquisition Cost, normal purchase price Full call number Barcode Copy number Cost, replacement price Koha item type
    Not For Loan Non-fiction D.B.Act.Division Sarojini Nagar 19/06/2018 DBAD/PUB 495.00 954.7035092 REZ EN-106786 1 495.00 English Books

© Delhi Public Library
Hit Counter
free hit counter